| 000 | 00613nam a2200217Ia 4500 | ||
|---|---|---|---|
| 005 | 20240120112316.0 | ||
| 008 | 131103s9999 xx 000 0 und d | ||
| 020 |
_a8173915393 _cRs.795.00 |
||
| 040 | _aLoreto College | ||
| 041 | _aEnglish | ||
| 082 |
_a370.1 _bSHR |
||
| 100 | _aShrivastava,K.K. | ||
| 245 |
_aPhilosophical Foundations of Education, _cK.K.Shrivastava |
||
| 260 |
_aNew Delhi _bKanishka Publishers _c2009 |
||
| 300 | _axv,374p | ||
| 504 | _aIncludes bibliographical references and index | ||
| 650 | _aEducation | ||
| 651 | _aEducational philosophy | ||
| 850 | _aLCLIB | ||
| 942 | _cBK | ||
| 999 |
_c38172 _d88651 |
||